Statistics for Nba teams all time best players

Click here to take the quiz!

General Stats

  • This quiz has been taken 36 times
  • The average score is 26 of 30

Answer Stats

TeamsAnswer% Correct
CavaliersLebron James
100%
BullsMichael jordan
100%
MagicShaquille O’Neal
100%
WarriorsSteph curry
100%
HeatDwayne wade
97%
JazzKarl malone
97%
LakersKobe Bryant
97%
CelticsLarry bird
97%
SpursTim Duncan
97%
76ersAllen iverson
93%
MavericksDirk nowitzki
93%
SunsCharles Barkley
90%
PistonsIsiah Thomas
90%
TimberwolvesKevin Garnett
90%
KnicksPatrick ewing
90%
ThunderRussell Westbrook
90%
ClippersChris Paul
86%
TrailblazersDamian Lillard
86%
PelicansAnthony davis
83%
RaptorsKawhi Leonard
83%
NuggetsNikola jokic
83%
PacersReggie miller
83%
BucksGiannis antentakumpo
79%
GrizzliesMarc gasol
76%
KingsOscar Robertson
76%
HawksWilkins
76%
NetsJason kidd
72%
RocketsHakeem
66%
HornetsKemba walker
66%
WizardsElvin hayes
38%

Score Distribution

Percentile by Number Answered

Percent of People with Each Score

Your Score History

You have not taken this quiz